| Tag |
First Indicator |
Second Indicator |
Subfields |
| LEADER |
00000cam a2200000 a 4500 |
| 001 |
in00002244521 |
| 005 |
20151105060121.0 |
| 008 |
070206s2007 enk b 001 0 eng |
| 015 |
|
|
|a GBA712171
|2 bnb
|
| 016 |
7 |
|
|a 013672551
|2 Uk
|
| 020 |
|
|
|a 9780861932894 (hbk.)
|
| 020 |
|
|
|a 0861932897 (hbk.)
|
| 029 |
1 |
|
|a YDXCP
|b 2503472
|
| 035 |
|
|
|a (OCoLC)ocm84151110
|
| 035 |
|
|
|a (OCoLC)84151110
|
| 040 |
|
|
|a UKM
|c UKM
|d BAKER
|d BWKUK
|d YDXCP
|d BTCTA
|d UtOrBLW
|
| 049 |
|
|
|a TXAM
|
| 050 |
|
4 |
|a DA807
|b .B55 2007
|
| 082 |
0 |
4 |
|a 941.1069
|2 22
|
| 100 |
1 |
|
|a Bowie, Karin.
|
| 245 |
1 |
0 |
|a Scottish public opinion and the Anglo-Scottish union, 1699-1707 /
|c Karin Bowie.
|
| 264 |
|
1 |
|a Woodbridge, UK ;
|a Rochester, NY :
|b Royal Historical Society/Boydell Press,
|c 2007.
|
| 300 |
|
|
|a viii, 193 pages ;
|c 24 cm.
|
| 336 |
|
|
|a text
|b txt
|2 rdacontent
|
| 337 |
|
|
|a unmediated
|b n
|2 rdamedia
|
| 338 |
|
|
|a volume
|b nc
|2 rdacarrier
|
| 490 |
1 |
|
|a Royal Historical Society studies in history. New series
|
| 504 |
|
|
|a Includes bibliographical references (pages 171-186) and index.
|
| 650 |
|
0 |
|a Public opinion
|z Scotland
|x History
|y 18th century.
|
| 651 |
|
0 |
|a Scotland
|x History
|y Union, 1707
|x Public opinion.
|
| 651 |
|
0 |
|a Scotland
|x Politics and government
|y 1689-1745.
|
| 830 |
|
0 |
|a Royal Historical Society studies in history.
|p New series.
|
| 938 |
|
|
|a Baker & Taylor
|b BKTY
|c 85.00
|d 85.00
|i 0861932897
|n 0006996365
|s active
|
| 938 |
|
|
|a YBP Library Services
|b YANK
|n 2503472
|
| 938 |
|
|
|a Baker and Taylor
|b BTCP
|n BK0006996365
|
| 945 |
|
|
|a PromptCat
|b 174802
|
| 946 |
|
|
|a stk
|
| 947 |
|
|
|a A14836170050
|
| 948 |
|
|
|a cataloged
|b h
|c 2007/7/11
|d c
|e dmartine
|f 5:38:52 pm
|
| 994 |
|
|
|a 92
|b TXA
|
| 999 |
|
|
|a MARS
|
| 999 |
f |
f |
|s 82e3e980-c202-36ad-a1c5-bed1e1fcf06b
|i 50430aeb-43f6-3864-a703-100a7ff15285
|t 0
|
| 952 |
f |
f |
|p normal
|a Texas A&M University
|b College Station
|c Sterling C. Evans Library
|d Evans: Library Stacks
|t 0
|e DA807 .B55 2007
|h Library of Congress classification
|i unmediated -- volume
|m A14836170050
|
| 998 |
f |
f |
|a DA807 .B55 2007
|t 0
|l Evans: Library Stacks
|